Introduction to computer science : (Record no. 11170)

MARC details
000 -LEADER
fixed length control field 00860nam a22002412 4500
001 - CONTROL NUMBER
control field 0000018769
005 - DATE AND TIME OF LATEST TRANSACTION
control field 20151217154421.0
008 - FIXED-LENGTH DATA ELEMENTS--GENERAL INFORMATION
fixed length control field 100629s xx 000 0 eng d
020 ## - INTERNATIONAL STANDARD BOOK NUMBER
International Standard Book Number 031448132x :
040 ## - CATALOGING SOURCE
Original cataloging agency KABU
Transcribing agency KABU
100 1# - MAIN ENTRY--PERSONAL NAME
Personal name Naps, Thomas L.
-- 0000178141
245 10 - TITLE STATEMENT
Title Introduction to computer science :
Remainder of title programming, problem solving, and data structures /
Statement of responsibility, etc. Thomas L. Naps, Douglas W. Nance, Bhagat Singh.
250 ## - EDITION STATEMENT
Edition statement Alternate ed.
260 ## - PUBLICATION, DISTRIBUTION, ETC. (IMPRINT)
Place of publication, distribution, etc. New York :
Name of publisher, distributor, etc. West Publishing,
Date of publication, distribution, etc. 1989.
300 ## - PHYSICAL DESCRIPTION
Extent xxiv, 940 p.
650 #0 - SUBJECT ADDED ENTRY--TOPICAL TERM
Topical term or geographic name as entry element Electronic digital computers
General subdivision Programming.
-- 0000178142
650 #0 - SUBJECT ADDED ENTRY--TOPICAL TERM
Topical term or geographic name as entry element Data structures (Computer science)
-- 0000148379
700 1# - ADDED ENTRY--PERSONAL NAME
Personal name Nance, Douglas W.
-- 0000178143
700 1# - ADDED ENTRY--PERSONAL NAME
Personal name Singh, Bhagat.
-- 0000178144
852 1# - LOCATION
-- p500 KES
908 ## - PUT COMMAND PARAMETER (RLIN)
Put command parameter 100629
950 ## - LOCAL HOLDINGS (RLIN)
-- 1
Holdings
Withdrawn status Lost status Source of classification or shelving scheme Not for loan Home library Current library Date acquired Total Checkouts Full call number Barcode Date last seen Date last checked out Price effective from Koha item type
    Library of Congress Classification   Kabarak, Main Campus Kabarak, Main Campus 17/12/2015 2 QA76.6 .N37 1989 c. 1 24776 10/02/2025 26/01/2025 17/12/2015 General Collection
Designed with assistance from East African Informatics Ltd